[Event "Superettan(Vasteras II-Vaxjo)"]
[Site "?"]
[Date "2018.11.10"]
[Round "2"]
[White "Carlsson, Ludvig"]
[Black "Gonzalez, Emilio"]
[Result "1/2-1/2"]
[WhiteElo "2058"]
[BlackElo "1960"]
[PlyCount "73"]
1. e4 c5 2. Nf3 Nc6 3. Nc3 g6 4. d4 cxd4 5. Nxd4 Bg7 6. Be3 Nf6 7. Bc4 Qa5 8.
O-O d6 9. h3 O-O 10. Bb3 Bd7 11. Qe2 Nxe4 12. Nxc6 Bxc6 13. Nxe4 Bxe4 14. Bd2
Qf5 15. Rae1 Bxc2 16. Bxc2 Qxc2 17. Bg5 Qxe2 18. Rxe2 Bf6 19. Bxf6 exf6 20. Re7
b6 21. Rfe1 a5 22. Rd7 Rfe8 23. Rxe8+ Rxe8 24. Rxd6 Re6 25. Rd8+ Kg7 26. Rb8 f5
27. g3 Kf6 28. Rb7 g5 29. f4 h6 30. Kf2 Kg6 31. b3 g4 32. h4 Kf6 33. Rb8 Kg7
34. Rb7 Kf6 35. Rb8 Kg7 36. Rb7 Kf6 37. Rb8 1/2-1/2

[Event "Superettan(Burgsvik-Manhem)"]
[Site "?"]
[Date "2018.11.10"]
[Round "2"]
[White "Andersson, Bjorn"]
[Black "Fendrich, David"]
[Result "0-1"]
[WhiteElo "2189"]
[BlackElo "2233"]
[PlyCount "88"]
1. e4 c5 2. Nf3 e6 3. d4 cxd4 4. Nxd4 Qb6 5. Nb3 a6 6. Be2 Qc7 7. Be3 Nf6 8.
Bf3 Nc6 9. N1d2 d6 10. O-O Be7 11. a4 Nd7 12. a5 b5 13. axb6 Nxb6 14. Bxb6 Qxb6
15. Nc4 Qc7 16. Nba5 Nxa5 17. Nxa5 Rb8 18. b3 Bd7 19. Be2 Bb5 20. Nc4 O-O 21.
Ne3 Bf6 22. Ra2 Bc3 23. Bc4 Qc5 24. Qd3 Bd4 25. Bxb5 axb5 26. Rd1 e5 27. Ra6
Ra8 28. Rxa8 Rxa8 29. Kf1 g6 30. Nd5 Ra2 31. c3 Bxc3 32. Qe3 Bd4 33. Qh6 Rxf2+
34. Ke1 f6 35. Ne7+ Kf7 36. Qxh7+ Ke6 37. Qg8+ Kxe7 38. Qg7+ Ke6 39. Qg8+ Kd7
40. Qf7+ Kc6 41. Qe8+ Kc7 42. Qe7+ Kb6 43. Qd8+ Kb7 44. Qd7+ Ka6 0-1

[Event "Superettan(Alingsas-Upsala)"]
[Site "?"]
[Date "2018.11.10"]
[Round "2"]
[White "Johansson, Thomas"]
[Black "Agrest, Evgenij"]
[Result "0-1"]
[WhiteElo "2231"]
[BlackElo "2580"]
[PlyCount "86"]
1. d4 d5 2. c4 c5 3. cxd5 Qxd5 4. Nf3 cxd4 5. Nc3 Qa5 6. Nxd4 Nf6 7. g3 e5 8.
Nb3 Qc7 9. Bg2 Bb4 10. O-O Bxc3 11. bxc3 O-O 12. Bg5 Be6 13. Bxf6 gxf6 14. Qd2
Kg7 15. Qe3 Nd7 16. Rfd1 a5 17. Bd5 a4 18. Bxe6 fxe6 19. Nd2 Ra6 20. Rab1 Rb6
21. Rb4 Rxb4 22. cxb4 Qc2 23. Ra1 Rc8 24. Ne4 Rc4 25. f3 Rxb4 26. Qa3 Qb2 27.
Qxb2 Rxb2 28. Rc1 Kf8 29. a3 Ke7 30. Rc4 f5 31. Nc3 Rb3 32. Nxa4 b5 33. Rh4
bxa4 34. Rxa4 Rb2 35. Kf2 Ra2 36. Ra7 Kd6 37. Ra6+ Kd5 38. Ra7 Nc5 39. Rxh7 e4
40. Ra7 Kd4 41. fxe4 fxe4 42. Ra8 Nd3+ 43. Kf1 Nc1 0-1

[Event "Superettan(Kungstornet-Kristallen)"]
[Site "?"]
[Date "2018.11.10"]
[Round "2"]
[White "Andersson, Goran L"]
[Black "Lyrberg, Patrik"]
[Result "0-1"]
[WhiteElo "2252"]
[BlackElo "2442"]
[PlyCount "63"]
1. d4 Nf6 2. Nf3 d5 3. Bf4 c5 4. e3 Qb6 5. Nc3 Bd7 6. Rb1 e6 7. Be2 Nh5 8. Bg5
h6 9. Bh4 cxd4 10. Ne5 Nf6 11. Bh5 Bb4 12. Bxf7+ Ke7 13. exd4 Nc6 14. O-O g5
15. Bg3 Nxe5 16. dxe5 Kxf7 17. exf6 h5 18. Re1 h4 19. Be5 g4 20. a3 Bc5 21. Ne4
g3 22. hxg3 Rag8 23. b4 Bxf2+ 24. Nxf2 hxg3 25. Qd4 gxf2+ 26. Kxf2 Qc6 27. Qc5
Rh5 28. Qe7+ Kg6 29. f7 Rf5+ 30. Kg1 Rxf7 31. Qh4 Rf5 32. g4 0-1

[Event "Superettan(SodraSASS-Rockaden,Sthlm II)"]
[Site "?"]
[Date "2018.11.10"]
[Round "2"]
[White "Bjerre, Jonas Buhl"]
[Black "Larsson, Per"]
[Result "1-0"]
[WhiteElo "2423"]
[BlackElo "2291"]
[PlyCount "55"]
1. e4 c5 2. Nf3 e6 3. d4 cxd4 4. Nxd4 Nc6 5. Nc3 Qc7 6. Qd3 a6 7. Nxc6 bxc6 8.
Qg3 d6 9. Bc4 Nf6 10. Bb3 a5 11. a4 Ba6 12. Be3 h5 13. O-O-O h4 14. Qf3 Rb8 15.
g4 Nd7 16. g5 g6 17. Qh3 Be7 18. f4 Nc5 19. Ba2 Qb6 20. b3 Qb4 21. Bd4 Rh5 22.
Rhe1 Qa3+ 23. Kb1 Bc4 24. Ka1 Bxb3 25. Rb1 Bxa2 26. Rxb8+ Kd7 27. Bxc5 dxc5 28.
Rd1+ 1-0

[Event "Superettan(Alingsas-Upsala)"]
[Site "?"]
[Date "2018.11.10"]
[Round "2"]
[White "Winsnes, Rikard"]
[Black "Johansson, Jan"]
[Result "1/2-1/2"]
[WhiteElo "2391"]
[BlackElo "2356"]
[PlyCount "85"]
1. e4 d6 2. d4 Nf6 3. Nc3 e5 4. Nf3 Nbd7 5. g4 h6 6. Rg1 c6 7. Be3 b5 8. a3 a6
9. h4 h5 10. gxh5 Nxh5 11. Bh3 Qc7 12. Qe2 Nhf6 13. Bg5 Be7 14. d5 c5 15. a4 b4
16. Nd1 a5 17. Ne3 Ba6 18. Nc4 Nb6 19. Nfd2 Nh5 20. Bf1 Nxc4 21. Nxc4 Bxc4 22.
Qxc4 Bxg5 23. Rxg5 g6 24. Be2 Nf4 25. h5 gxh5 26. O-O-O Ke7 27. Rxe5+ dxe5 28.
d6+ Qxd6 29. Rxd6 Kxd6 30. Bf3 Ra7 31. Qb5 Rc7 32. Qxa5 h4 33. Qb5 h3 34. b3 h2
35. Kb2 h1=Q 36. Bxh1 Rxh1 37. Qb6+ Rc6 38. Qd8+ Ke6 39. Qe8+ Kd6 40. Qd8+ Ke6
41. Qe8+ Kd6 42. Qd8+ Ke6 43. Qe8+ 1/2-1/2

[Event "Superettan(Kungstornet-Kristallen)"]
[Site "?"]
[Date "2018.11.10"]
[Round "2"]
[White "Backlund, Anders"]
[Black "Lindh, Fredrik"]
[Result "1/2-1/2"]
[WhiteElo "2300"]
[BlackElo "2255"]
[PlyCount "41"]
1. d4 Nf6 2. c4 g6 3. f3 d5 4. cxd5 Nxd5 5. e4 Nb6 6. Nc3 Bg7 7. Be3 Nc6 8. d5
Ne5 9. Bd4 O-O 10. f4 Ng4 11. Bxg7 Kxg7 12. Qd4+ Kg8 13. Nf3 e6 14. h3 Nf6 15.
O-O-O Nh5 16. g4 Nxf4 17. Qd2 e5 18. Nxe5 Qf6 19. Nd3 Nxd3+ 20. Bxd3 Bd7 21. g5
1/2-1/2

[Event "Superettan(SodraSASS-Rockaden,Sthlm II)"]
[Site "?"]
[Date "2018.11.10"]
[Round "2"]
[White "Furhoff, Johan"]
[Black "Berovski, Krum"]
[Result "0-1"]
[WhiteElo "2334"]
[BlackElo "2321"]
[PlyCount "94"]
1. e4 e6 2. d4 d5 3. Nd2 c5 4. Ngf3 a6 5. exd5 exd5 6. Bd3 c4 7. Be2 Bd6 8. b3
b5 9. a4 Bb7 10. bxc4 bxc4 11. Ba3 Ne7 12. O-O Bxa3 13. Rxa3 O-O 14. Ne5 Nbc6
15. Qa1 Qd6 16. Nxc6 Bxc6 17. Bf3 Nf5 18. Rd1 Rfe8 19. c3 a5 20. Ra2 Nh4 21. g3
Nxf3+ 22. Nxf3 Bd7 23. Re1 Rxe1+ 24. Qxe1 Re8 25. Qf1 Bf5 26. Re2 Rb8 27. Re5
g6 28. Nd2 Rb2 29. Qe2 Be6 30. Kg2 Qd7 31. h4 Rb6 32. h5 f6 33. Re3 Kf7 34.
hxg6+ hxg6 35. Qd1 Bh3+ 36. Kh2 Bg4 37. f3 Bf5 38. g4 Qd6+ 39. Kg2 Qf4 40. Qe2
Re6 41. Nf1 Bd3 42. Rxe6 Bxe2 43. Rxe2 Qc1 44. Re3 Qc2+ 45. Kg1 Qxa4 46. g5 Qd1
47. Kf2 a4 0-1

[Event "Superettan(Burgsvik-Vasteras II)"]
[Site "?"]
[Date "2018.11.09"]
[Round "1"]
[White "Norberg, Erik"]
[Black "Vovk, Ilja"]
[Result "0-1"]
[WhiteElo "2219"]
[BlackElo "2284"]
[PlyCount "50"]
1. g3 d5 2. Bg2 Nf6 3. c4 e6 4. Nf3 Be7 5. b3 O-O 6. Bb2 a5 7. O-O a4 8. d3 Nc6
9. cxd5 exd5 10. bxa4 d4 11. Nbd2 Ra5 12. Nc4 Rh5 13. e3 Bc5 14. Rc1 Ba7 15.
Qd2 Bh3 16. e4 Qc8 17. Nh4 Rxh4 18. gxh4 Bxg2 19. Kxg2 Qg4+ 20. Kh1 Qf3+ 21.
Kg1 Ng4 22. h3 Nge5 23. Nxe5 Nxe5 24. Qg5 Nxd3 25. Rxc7 Nf4 0-1

[Event "Superettan(Kristallen-Alingsås)"]
[Site "?"]
[Date "2018.11.09"]
[Round "1"]
[White "Winsnes, Rikard"]
[Black "Walinder, Lars"]
[Result "0-1"]
[WhiteElo "2391"]
[BlackElo "2236"]
[PlyCount "74"]
1. e4 e6 2. d4 d5 3. Nd2 Be7 4. Ngf3 Nf6 5. e5 Nfd7 6. Bd3 c5 7. c3 Nc6 8. O-O
g5 9. dxc5 g4 10. Nd4 Ncxe5 11. Bb5 a6 12. Bxd7+ Bxd7 13. b4 Qc7 14. f4 gxf3
15. N2xf3 Ng6 16. Bg5 f6 17. Bh6 O-O-O 18. a4 Rhg8 19. Qe2 e5 20. c6 Bg4 21.
cxb7+ Qxb7 22. Nb3 e4 23. Na5 exf3 24. Qd3 Qa8 25. Qd4 Ne5 26. g3 f2+ 27. Kxf2
Bh3 28. Rfe1 Rg4 29. Bf4 Bd6 30. Rad1 Bc7 31. Qc5 Rd6 32. Bxe5 fxe5 33. Rxe5
Rf6+ 34. Kg1 Re4 35. Rexd5 Re8 36. c4 Ref8 37. Qxc7+ Kxc7 0-1

[Event "Superettan(Burgsvik-Vasteras II)"]
[Site "?"]
[Date "2018.11.09"]
[Round "1"]
[White "Persson, Mats"]
[Black "Kretz, Johan"]
[Result "1/2-1/2"]
[WhiteElo "2287"]
[BlackElo "2220"]
[PlyCount "89"]
1. e4 g6 2. d4 Bg7 3. c3 d6 4. Nf3 Nf6 5. Bd3 O-O 6. O-O Nc6 7. Qe2 e5 8. dxe5
Nxe5 9. Nxe5 dxe5 10. Rd1 Be6 11. b3 Qc8 12. Ba3 Re8 13. Nd2 Nh5 14. g3 Bf8 15.
Bxf8 Rxf8 16. Qe3 Nf6 17. f3 Kg7 18. Bc4 h6 19. Qc5 Nd7 20. Bxe6 Nxc5 21. Bxc8
Raxc8 22. Nc4 f6 23. Rd5 b6 24. Rad1 Ne6 25. Rd7+ Rf7 26. Ne3 Rcf8 27. b4 Rxd7
28. Rxd7+ Rf7 29. Rd1 Kf8 30. Kf2 Ke8 31. Ke2 h5 32. Nd5 c6 33. Ne3 Rd7 34. Rf1
Kd8 35. h4 Ke8 36. f4 exf4 37. gxf4 Ng7 38. a4 Re7 39. Kf3 Rd7 40. Ke2 Re7 41.
Kd3 Rd7+ 42. Kc2 Re7 43. Kd3 Rd7+ 44. Kc2 Re7 45. Kd3 1/2-1/2

[Event "Superettan(Kristallen-Alingsås)"]
[Site "?"]
[Date "2018.11.09"]
[Round "1"]
[White "Hesselborn, Per Ove"]
[Black "Agrest, Inna"]
[Result "1/2-1/2"]
[WhiteElo "2157"]
[BlackElo "2283"]
[PlyCount "159"]
1. Nf3 Nf6 2. d4 g6 3. Bg5 Bg7 4. Nbd2 d6 5. e4 O-O 6. c3 Nbd7 7. Be2 e5 8.
dxe5 Nxe5 9. Nxe5 dxe5 10. O-O h6 11. Bh4 Qe7 12. Qc2 b6 13. a4 a5 14. Rfe1 Bb7
15. Bf1 Rfd8 16. f3 Bc6 17. Nc4 Qe8 18. b3 Rd7 19. Ne3 Nh5 20. Red1 Bf8 21.
Rxd7 Qxd7 22. Rd1 Qe8 23. Nd5 Bxd5 24. Rxd5 Nf4 25. Rd1 Bc5+ 26. Bf2 Qe7 27. g3
Ne6 28. Bc4 Ng5 29. Kg2 Qf6 30. Qe2 Bxf2 31. Qxf2 Rd8 32. Rxd8+ Qxd8 33. h4 Nh7
34. Qe3 Kg7 35. Qd3 Qe7 36. Qd5 Nf6 37. Qc6 g5 38. hxg5 hxg5 39. Kh3 Qd8 40.
Bd5 g4+ 41. fxg4 Qc8 42. Kg2 Qxg4 43. Qxc7 Qe2+ 44. Kg1 Qe3+ 45. Kg2 Qd2+ 46.
Kg1 Nxd5 47. exd5 Qxd5 48. Qxb6 Qd1+ 49. Kg2 Qd2+ 50. Kf3 Qxc3+ 51. Ke4 f6 52.
g4 Qc2+ 53. Kf3 Qd1+ 54. Kg3 Qd3+ 55. Kf2 Qd2+ 56. Kg1 Qd1+ 57. Kf2 Qxg4 58.
Qxa5 Qd4+ 59. Ke2 Qb2+ 60. Qd2 Qxb3 61. Qd7+ Kh6 62. Qd2+ Kh5 63. Qd1 Qb7 64.
Ke3+ Kh6 65. Qd2 Kg7 66. a5 Kf7 67. Qa2+ Ke7 68. a6 Qa7+ 69. Ke2 Kd6 70. Qa5
Kc6 71. Kf3 Qb6 72. Qa4+ Kc7 73. a7 Qb7+ 74. Kf2 Qa8 75. Qa6 f5 76. Qa5+ Kb7
77. Qxe5 Qxa7+ 78. Kf3 Qa3+ 79. Kf4 Qc1+ 80. Kxf5 1/2-1/2

[Event "Superettan(Burgsvik-Vasteras II)"]
[Site "?"]
[Date "2018.11.09"]
[Round "1"]
[White "Carlsson, Andreas"]
[Black "Linusson, Pelle"]
[Result "0-1"]
[WhiteElo "2030"]
[BlackElo "2228"]
[PlyCount "104"]
1. Nf3 g6 2. d4 Nf6 3. c4 Bg7 4. Nc3 d5 5. e3 O-O 6. Bd3 c5 7. O-O cxd4 8. exd4
Nc6 9. h3 Be6 10. Qe2 Nb4 11. c5 b6 12. Be3 Nxd3 13. Qxd3 Bf5 14. Qb5 bxc5 15.
Qxc5 e6 16. Rfd1 h5 17. Bg5 Qc8 18. Qa3 Qb7 19. Nh4 Ne4 20. Be3 Nxc3 21. bxc3
Rfc8 22. Nxf5 exf5 23. Bf4 Rc4 24. Rab1 Qc6 25. Rd3 Bf8 26. Qc1 Rc8 27. Bd2 Qa6
28. Qc2 Bg7 29. Qb3 Ra4 30. Qb7 Qxb7 31. Rxb7 Rxa2 32. Rd7 Ra1+ 33. Kh2 Rd1 34.
f4 h4 35. g4 Re8 36. Kg2 Re2+ 37. Kf3 Rdxd2 38. Rxd2 Rxd2 39. gxf5 gxf5 40.
Rxd5 Rd3+ 41. Kg2 Rxc3 42. Rxf5 Bxd4 43. Rg5+ Kf8 44. Rh5 Bf6 45. Ra5 Rc7 46.
Kf3 Ke8 47. Kg4 Be7 48. f5 Rc4+ 49. Kh5 Rc5 50. Rxa7 Rxf5+ 51. Kh6 Rf3 52. Ra8+
Bd8 0-1

[Event "Superettan(Kristallen-Alingsås)"]
[Site "?"]
[Date "2018.11.09"]
[Round "1"]
[White "Bjorklund, Thomas"]
[Black "Naslund, Mikael"]
[Result "1/2-1/2"]
[WhiteElo "2162"]
[BlackElo "2202"]
[PlyCount "121"]
1. e4 d5 2. exd5 Nf6 3. Nf3 Bg4 4. Be2 Qxd5 5. d4 Nc6 6. c4 Qf5 7. Be3 O-O-O 8.
Nbd2 e5 9. d5 Nb4 10. O-O Nc2 11. Rc1 Nxe3 12. fxe3 Bc5 13. Rc3 e4 14. Nd4 Qg6
15. Rxf6 Bxe2 16. Rxg6 Bxd1 17. Rxg7 Bb4 18. Rxf7 Bh5 19. Rf4 Bxc3 20. bxc3 Rd6
21. Nxe4 Ra6 22. Rf2 Bg6 23. Nc5 Ra5 24. Ncb3 Ra4 25. c5 Rc4 26. Re2 Re8 27. d6
Rxc3 28. Rd2 Rexe3 29. Nb5 Rcd3 30. Nxa7+ Kb8 31. dxc7+ Kxc7 32. Rb2 Be4 33.
Nb5+ Kd7 34. Nd6 Bd5 35. Nf5 Re5 36. Nfd4 Rd1+ 37. Kf2 Re4 38. c6+ Kc8 39.
cxb7+ Bxb7 40. Nf3 Re7 41. Nbd4 Bd5 42. Nf5 Ra7 43. Ne3 Bxf3 44. Kxf3 Ra1 45.
Rb4 R1xa2 46. h3 R2a3 47. Re4 Kd8 48. Kf2 Rf7+ 49. Kg1 Ra2 50. Rg4 Ra1+ 51. Kh2
Re1 52. Nc4 Re2 53. Nd6 Rd7 54. Nf5 Rf7 55. Nd4 Ra2 56. Nc6+ Kc7 57. Nb4 Rb2
58. Nd3 Ra2 59. Nb4 Rb2 60. Nd3 Ra2 61. Nb4 1/2-1/2

[Event "Superettan(Burgsvik-Vasteras II)"]
[Site "?"]
[Date "2018.11.09"]
[Round "1"]
[White "Andersson, Bjorn"]
[Black "Nordebrink, Johan"]
[Result "1/2-1/2"]
[WhiteElo "2189"]
[BlackElo "2146"]
[PlyCount "100"]
1. e4 d5 2. exd5 Nf6 3. d4 Nxd5 4. c4 Nb6 5. Nc3 e5 6. dxe5 Qxd1+ 7. Nxd1 Nc6
8. f4 f6 9. Nf3 Bb4+ 10. Nc3 fxe5 11. fxe5 O-O 12. Bd2 Be6 13. b3 Bg4 14. a3
Bxf3 15. axb4 Bh5 16. c5 Nxb4 17. Rc1 Rae8 18. cxb6 Rxe5+ 19. Be2 cxb6 20. Kd1
Bxe2+ 21. Nxe2 Nd3 22. Kc2 Nxc1 23. Nxc1 Rc5+ 24. Kb1 Rd5 25. Bc3 Rf2 26. g4 b5
27. h4 b4 28. Bxb4 Rf4 29. Ba3 Rxg4 30. Re1 Rd7 31. h5 b5 32. Re8+ Kf7 33. Rf8+
Ke6 34. Rb8 Rd5 35. Re8+ Kd7 36. Re7+ Kc6 37. h6 Rd7 38. Re5 gxh6 39. Re6+ Kb7
40. Rxh6 Rg2 41. Rh5 Kc6 42. Rc5+ Kb6 43. Rh5 a5 44. Bc5+ Ka6 45. Rh6+ Rg6 46.
Rh5 Kb7 47. Be3 Ka6 48. Bc5 b4 49. Be3 Re6 50. Bf4 Rg6 1/2-1/2

[Event "Superettan(Kristallen-Alingsås)"]
[Site "?"]
[Date "2018.11.09"]
[Round "1"]
[White "Hansson, Fredrik"]
[Black "Dahlgren, Jonas"]
[Result "1-0"]
[WhiteElo "2171"]
[BlackElo "2023"]
[PlyCount "131"]
1. e4 e5 2. Nf3 Nc6 3. Bb5 a6 4. Ba4 Nf6 5. O-O Nxe4 6. d4 b5 7. Bb3 d5 8. dxe5
Be6 9. c3 Bc5 10. Nbd2 O-O 11. Bc2 Nxf2 12. Rxf2 f6 13. exf6 Bxf2+ 14. Kxf2
Qxf6 15. Kg1 Bg4 16. h3 Bh5 17. Bb3 Rad8 18. Qe1 Kh8 19. Qg3 Qe7 20. Kh2 Rd6
21. Qg5 Qxg5 22. Nxg5 Ne5 23. g4 Bg6 24. Kg3 c6 25. Ngf3 Nd3 26. Nh4 Be8 27.
Bc2 Ne1 28. Bd1 Re6 29. Ndf3 Nd3 30. b4 Nxc1 31. Rxc1 Re3 32. Nf5 Re6 33. N5d4
Re3 34. Kf2 Re7 35. a4 g6 36. a5 Bd7 37. Bc2 Kg7 38. Re1 Rfe8 39. Rxe7+ Rxe7
40. Nb3 Bc8 41. Nc5 Kf7 42. Nd4 Rc7 43. Kg3 Ke7 44. h4 Kd6 45. h5 gxh5 46. gxh5
Rg7+ 47. Kf4 Rg4+ 48. Kf3 Rg5 49. h6 Rh5 50. Bxh7 Rxh6 51. Bf5 Kc7 52. Bxc8
Kxc8 53. Ke3 Rh3+ 54. Kd2 Rh2+ 55. Kd3 Rh3+ 56. Kc2 Rh6 57. Nxa6 Kb7 58. Nc5+
Ka7 59. Nce6 Ka6 60. Kb3 Rg6 61. Nf8 Rd6 62. Nfe6 Kb7 63. Nc5+ Ka7 64. Nde6 Kb8
65. Kc2 Ka7 66. Kd3 1-0

[Event "Superettan(Burgsvik-Vasteras II)"]
[Site "?"]
[Date "2018.11.09"]
[Round "1"]
[White "Carlsson, Ludvig"]
[Black "Akerman, Axel"]
[Result "1/2-1/2"]
[WhiteElo "2058"]
[BlackElo "2151"]
[PlyCount "50"]
1. e4 c5 2. Nf3 d6 3. d4 cxd4 4. Nxd4 Nf6 5. f3 Nc6 6. c4 Nxd4 7. Qxd4 g6 8.
Nc3 Bg7 9. Be3 O-O 10. Qd2 Be6 11. Rc1 Rc8 12. b3 a6 13. Be2 b5 14. cxb5 axb5
15. Nxb5 Rxc1+ 16. Qxc1 Qa5+ 17. Qd2 Ra8 18. Qxa5 Rxa5 19. Nc3 Nd7 20. Na4 Nc5
21. Nxc5 dxc5 22. Kf2 Bd4 23. Bxd4 cxd4 24. Rd1 Rxa2 25. Rxd4 Bxb3 1/2-1/2

[Event "Superettan(Kristallen-Alingsås)"]
[Site "?"]
[Date "2018.11.09"]
[Round "1"]
[White "Johansson, Mikael"]
[Black "Subramanian, Aditya"]
[Result "0-1"]
[WhiteElo "1968"]
[BlackElo "2151"]
[PlyCount "62"]
1. d4 d5 2. c4 e6 3. Nf3 a6 4. g3 dxc4 5. Bg2 b5 6. Ne5 Ra7 7. e4 c5 8. Be3
cxd4 9. Bxd4 Rc7 10. O-O Bc5 11. Nxf7 Qxd4 12. Nxh8 Qxd1 13. Rxd1 Nc6 14. Nc3
Bd4 15. Rd2 g6 16. Nxg6 hxg6 17. Rad1 e5 18. Nd5 Rf7 19. Rc1 Nf6 20. h3 Nxd5
21. exd5 Nb4 22. a3 Bxf2+ 23. Rxf2 Rxf2 24. axb4 Rxb2 25. d6 Kd7 26. Be4 Kxd6
27. Rd1+ Ke7 28. Bxg6 Bxh3 29. Rd5 Kf6 30. Rd6+ Kg5 31. Be4 Bf5 0-1

[Event "Superettan(Burgsvik-Vasteras II)"]
[Site "?"]
[Date "2018.11.09"]
[Round "1"]
[White "Akerman, Emil"]
[Black "Bjorkman, Filip"]
[Result "1-0"]
[WhiteElo "1941"]
[BlackElo "1904"]
[PlyCount "99"]
1. d4 Nf6 2. c4 g6 3. g3 c6 4. Nc3 d5 5. Bg2 Bg7 6. Nf3 O-O 7. O-O Ne4 8. cxd5
cxd5 9. Qb3 Nc6 10. e3 e6 11. a3 f5 12. Nd2 Nd6 13. Qc2 Bd7 14. b3 b5 15. Bb2
Qb6 16. Rfc1 Rfc8 17. Qd1 Rc7 18. Bxd5 Rac8 19. Bg2 Ne7 20. Ne2 Bc6 21. Nf4 Kf7
22. Rc2 Bf3 23. Nxf3 Rxc2 24. Ng5+ Kg8 25. Rb1 Qa5 26. Ngxe6 Ne4 27. Bxe4 fxe4
28. b4 Qa4 29. Kg2 Nf5 30. Nd5 Qb3 31. Nc5 R8xc5 32. bxc5 a5 33. Bc3 Qa2 34.
Be1 Bh6 35. Ra1 Qb3 36. Rb1 Qa2 37. Ra1 Qb3 38. Kg1 Qc4 39. Nf6+ Kf7 40. Ng4
Bg7 41. Bxa5 h5 42. Ne5+ Bxe5 43. dxe5 Qxc5 44. Qd7+ Kg8 45. Qe6+ Kh7 46. Bb4
Qa7 47. Rd1 Rc7 48. Rd8 Nxe3 49. Qg8+ Kh6 50. Bd2 1-0

[Event "Superettan(Kristallen-Alingsås)"]
[Site "?"]
[Date "2018.11.09"]
[Round "1"]
[White "Persson, Andreas"]
[Black "Bergre, Joachim"]
[Result "1-0"]
[WhiteElo "2109"]
[BlackElo "1954"]
[PlyCount "83"]
1. d4 Nf6 2. c4 c5 3. d5 b5 4. cxb5 a6 5. bxa6 g6 6. Nc3 Bxa6 7. e4 Bxf1 8.
Kxf1 d6 9. Nf3 Bg7 10. g3 Nbd7 11. Kg2 O-O 12. a4 Qb6 13. Qe2 e6 14. dxe6 fxe6
15. Re1 Qb7 16. Nb5 Qc6 17. Bf4 Ne8 18. Ng5 Rf6 19. Kg1 h6 20. Nf3 g5 21. Bd2
Rf7 22. Bc3 Ndf6 23. Ra3 g4 24. Nh4 h5 25. Ng6 Nh7 26. Qd2 Bxc3 27. bxc3 Rd8
28. c4 Rdd7 29. a5 Qa6 30. Qh6 Ng7 31. Qc1 Rf6 32. Nh4 Rdf7 33. Re2 Rf8 34.
Nxd6 e5 35. Ndf5 Ne6 36. Ne7+ Kf7 37. Nhf5 Nd4 38. Nxd4 cxd4 39. Nd5 Rf3 40.
Rea2 Rxa3 41. Rxa3 Qa7 42. Qh6 1-0

[Event "Superettan(Upsala-Vaxjo)"]
[Site "?"]
[Date "2018.11.09"]
[Round "1"]
[White "Solodovnichenko, Yuri"]
[Black "Salih, Akar Ali Salih"]
[Result "1-0"]
[WhiteElo "2554"]
[BlackElo "2242"]
[PlyCount "69"]
[EventDate "2018.??.??"]
[SourceDate "2018.11.14"]
1. e4 e5 2. Nf3 Nc6 3. Bb5 a6 4. Ba4 Nf6 5. O-O Be7 6. Re1 b5 7. Bb3 O-O 8. a4
Bb7 9. d3 d6 10. Nbd2 Nd7 11. c3 Na5 12. Ba2 c5 13. Nf1 Nb6 14. b4 cxb4 15.
cxb4 Nc6 16. a5 Na4 17. Bd2 Nd4 18. Ne3 Nb2 19. Qb1 Nxf3+ 20. gxf3 Na4 21. Bd5
Bxd5 22. Nxd5 f5 23. Qb3 Kh8 24. Rac1 Bg5 25. f4 Bxf4 26. Nxf4 exf4 27. Bxf4
fxe4 28. Bg3 Rf3 29. Rxe4 Qg5 30. Rce1 Raf8 31. Qc2 h5 32. Qc6 Rxf2 33. Qxd6
Kh7 34. Re5 R2f5 35. Qxf8 1-0

[Event "Superettan(Manhem-SödraSASS)"]
[Site "?"]
[Date "2018.11.09"]
[Round "1"]
[White "Larsson, Per"]
[Black "Rozentalis, Eduardas"]
[Result "1/2-1/2"]
[WhiteElo "2291"]
[BlackElo "2510"]
[PlyCount "86"]
1. c4 e6 2. Nf3 b6 3. g3 Bb7 4. Bg2 Nf6 5. O-O g6 6. d4 Bg7 7. Qc2 O-O 8. Nc3
d5 9. cxd5 exd5 10. Bf4 Na6 11. Rfd1 Re8 12. a3 c5 13. dxc5 Nxc5 14. Nd4 Nh5
15. Bc1 Rc8 16. Ndb5 Ne4 17. Qb3 Nxc3 18. Nxc3 Bxc3 19. bxc3 Rxe2 20. Be3 Rxe3
21. fxe3 Qe7 22. Re1 Rc4 23. Rad1 Qc5 24. Rc1 Nf6 25. Bf1 Re4 26. c4 dxc4 27.
Rxc4 Rxc4 28. Qxc4 Qxa3 29. Bg2 Bxg2 30. Kxg2 Qe7 31. Rf1 h5 32. Qc8+ Kg7 33.
Qc3 a5 34. e4 Qe6 35. Rf3 a4 36. Qd4 b5 37. h3 b4 38. Qxb4 Nxe4 39. Qd4+ Kh7
40. h4 Qa2+ 41. Kh3 Qe6+ 42. Kg2 Qa2+ 43. Kh3 Qe6+ 1/2-1/2

[Event "Superettan(Kungstornet-Rockad,Sthlm II)"]
[Site "?"]
[Date "2018.11.09"]
[Round "1"]
[White "Bjerre, Jonas Buhl"]
[Black "Lyrberg, Patrik"]
[Result "1-0"]
[WhiteElo "2423"]
[BlackElo "2442"]
[PlyCount "123"]
1. e4 e5 2. Nf3 Nc6 3. Bb5 a6 4. Ba4 Nf6 5. O-O Be7 6. Re1 b5 7. Bb3 d6 8. c3
O-O 9. h3 Nb8 10. d4 Nbd7 11. Nbd2 c5 12. Nf1 exd4 13. cxd4 c4 14. Bc2 d5 15.
e5 Ne4 16. Ne3 Nb6 17. Nxd5 Nxd5 18. Bxe4 Be6 19. Nh2 Qd7 20. Qh5 g6 21. Qh6 f5
22. exf6 Bxf6 23. Nf3 Bf5 24. Bg5 Bg7 25. Qh4 Rae8 26. Bxf5 Qxf5 27. Bh6 Bxh6
28. Qxh6 Nf4 29. Ng5 Qd7 30. Rxe8 Rxe8 31. Qh4 Nd3 32. b3 Qg7 33. bxc4 bxc4 34.
Rd1 c3 35. Rxd3 Re1+ 36. Kh2 c2 37. Rc3 c1=Q 38. Rxc1 Rxc1 39. Qe4 Qd7 40. Qa8+
Kg7 41. Qxa6 Rc7 42. Ne4 Qf7 43. Qd6 Qe7 44. Qxe7+ Rxe7 45. Nc5 Re1 46. a4 Re2
47. Kg3 Ra2 48. Kf3 Kf7 49. g4 Ra3+ 50. Ke4 h5 51. f3 h4 52. Kf4 g5+ 53. Kxg5
Rxf3 54. Kxh4 Rf4 55. Nb3 Rf3 56. Na5 Ra3 57. Nc6 Kf6 58. g5+ Kf5 59. a5 Ke6
60. g6 Kf6 61. d5 Kg7 62. d6 1-0

[Event "Superettan(Upsala-Vaxjo)"]
[Site "?"]
[Date "2018.11.09"]
[Round "1"]
[White "Johansson, Jan"]
[Black "Lindberg, Bengt"]
[Result "0-1"]
[WhiteElo "2356"]
[BlackElo "2406"]
[PlyCount "75"]
1. d4 Nf6 2. Nf3 e6 3. c4 b6 4. Nc3 Bb4 5. Bg5 h6 6. Bh4 g5 7. Bg3 Ne4 8. Qc2
Bb7 9. e3 Bxc3+ 10. bxc3 d6 11. Bd3 f5 12. a4 a5 13. c5 O-O 14. cxb6 cxb6 15.
Qb3 Rf6 16. Bxe4 Bxe4 17. Qa3 Bxf3 18. gxf3 Qc8 19. Bxd6 Qc6 20. Rg1 Nd7 21. f4
Rg6 22. fxg5 Nf6 23. O-O-O hxg5 24. Kb2 Ne4 25. Be5 Nxf2 26. Rd2 Ng4 27. d5
exd5 28. Bd4 Re8 29. Qb3 Qc4 30. Qxc4 dxc4 31. Rf1 Nh6 32. Ka3 Ree6 33. Rb2 Ng4
34. Rxf5 Nxe3 35. Rfb5 g4 36. Re2 Nf1 37. Rf2 Ne3 38. Rh5 0-1

[Event "Superettan(Manhem-SödraSASS)"]
[Site "?"]
[Date "2018.11.09"]
[Round "1"]
[White "Akesson, Joel"]
[Black "Furhoff, Johan"]
[Result "0-1"]
[WhiteElo "2267"]
[BlackElo "2334"]
[PlyCount "46"]
1. c4 e5 2. g3 Nc6 3. Bg2 f5 4. Nc3 Nf6 5. e3 g6 6. Nge2 Bg7 7. d3 O-O 8. O-O
d6 9. Rb1 a6 10. b3 Bd7 11. Bd2 Rb8 12. Rc1 g5 13. Nd5 f4 14. exf4 gxf4 15.
gxf4 Bg4 16. f3 Bf5 17. Nxf6+ Qxf6 18. Bc3 Qg6 19. fxe5 dxe5 20. d4 exd4 21.
Bd2 Bh3 22. Ng3 Bxg2 23. Kxg2 Ne5 0-1

[Event "Superettan(Kungstornet-Rockad,Sthlm II)"]
[Site "?"]
[Date "2018.11.09"]
[Round "1"]
[White "von Bahr, Oskar"]
[Black "Berovski, Krum"]
[Result "0-1"]
[WhiteElo "2418"]
[BlackElo "2321"]
[PlyCount "116"]
1. Nf3 Nf6 2. g3 d5 3. Bg2 c5 4. O-O Nc6 5. c4 d4 6. e3 e5 7. exd4 exd4 8. d3
Be7 9. Bg5 O-O 10. Re1 h6 11. Bxf6 Bxf6 12. Na3 Bf5 13. Nc2 Qd7 14. a3 a5 15.
Rb1 a4 16. b4 axb3 17. Rxb3 Ra6 18. Qd2 b6 19. Reb1 Bd8 20. Re1 Qd6 21. Re2 g5
22. h3 Bc7 23. Nce1 Qg6 24. Nh2 Raa8 25. Qd1 Rfe8 26. Nf1 Kf8 27. Nd2 Rxe2 28.
Qxe2 Re8 29. Qf1 h5 30. Be4 Bxe4 31. dxe4 g4 32. hxg4 hxg4 33. Ng2 Qh6 34. Qd1
Ne5 35. Nh4 Bd8 36. Nf5 Qh5 37. Qf1 Bg5 38. f4 gxf3 39. Nxf3 Nxf3+ 40. Qxf3
Qxf3 41. Rxf3 Rxe4 42. Nd6 Re7 43. Rf5 Bc1 44. Rh5 Kg8 45. Rd5 Bxa3 46. Kf2 Kh7
47. Nf5 Re6 48. Rd7 Kg6 49. Ne7+ Kg7 50. Nd5 Bc1 51. Nc7 Re3 52. Nd5 Rb3 53.
Rd6 b5 54. cxb5 Rxb5 55. Ne7 Be3+ 56. Kf3 c4 57. Rc6 Re5 58. Nc8 d3 0-1